000 00833nam a2200217Ia 4500
003 IN-BaIIA
008 211028s9999 xx 000 0 eng d
020 _a0-292-75507-0
040 _cIIA Library
080 _a083.8:52
_bVAU
100 _aVaucouleurs, Gerard de
_910950
245 0 _aSecond reference catalogue of bright galaxies
_bcontaining information on 4,364 galaxies with reference to papers published between 1964 and 1975.
_cGerard de Vaucouleurs, Antoinette de Vaucouleurs and Harold G. Corwin, Jr.
260 _aAustin
_bUniversity of Tokyo Press
_c1976
300 _a396p.
650 _aAstronomy and Astrophysics Thesaurus
650 _aBright Galaxies Catalogue
_95958
650 _aCatalogue-Bright Galaxies
_910951
700 _aCorwin, H. G.
_910952
700 _aVaucouleurs, Antoinette de
_910953
942 _cBK
999 _c6381
_d6381